La brecha comercial y la integracíón latinoamericana (Registro nro. 6679)

Detalles MARC
000 -LEADER
fixed length control field 01202 a2200193 4500
001 - CONTROL NUMBER
control field 59424
005 - DATE AND TIME OF LATEST TRANSACTION
control field 20260407155848.0
008 - FIXED-LENGTH DATA ELEMENTS--GENERAL INFORMATION
fixed length control field 260407a1967 arg spa d
003 - CONTROL NUMBER IDENTIFIER
control field AR-UNSa-BCEJYS
040 ## - CATALOGING SOURCE
Original cataloging agency AR-UNSa-BCEJYS
Language of cataloging spa
Transcribing agency AR-UNSa-BCEJYS
080 ## - UNIVERSAL DECIMAL CLASSIFICATION NUMBER
Universal Decimal Classification number 330.34(7/8)
Common auxiliary subdivision Desarrollo Económico de América Latina
100 1# - MAIN ENTRY--PERSONAL NAME
Personal name Instituto Latinoamericano y del Caribe de Planificación Económica y Social (ILPES)
245 10 - TITLE STATEMENT
Title La brecha comercial y la integracíón latinoamericana
264 #1 - PRODUCTION, PUBLICATION, DISTRIBUTION, MANUFACTURE, AND COPYRIGHT NOTICE
Place of production, publication, distribution, manufacture México :
Name of producer, publisher, distributor, manufacturer Siglo XXI Editores
Date of production, publication, distribution, manufacture, or copyright notice 1967
300 ## - PHYSICAL DESCRIPTION
Extent 287 p.
Dimensions 24 cm.
505 ## - FORMATTED CONTENTS NOTE
Formatted contents note 1. Finalidad del estudio y resumen de sus conclusiones principales – 2. Exportaciones – 3. Importaciones – 4. La brecha comercial – 5. Implicaciones financieras de la brecha comercial – 6. Objetivos y contenido de una política regional de desarrollo – 7. Efectos de un programa regional de sustitución de importaciones sobre la brecha del sector externo de América Latina – 8. Otras consideraciones acerca de una política de aceleración del desarrollo – 9. Consecuencias de un más intenso ritmo de crecimiento en el producto interno bruto
590 ## - LOCAL NOTE (RLIN)
Local note niveau_biblio:m niveau_hierar:0
942 ## - ADDED ENTRY ELEMENTS (KOHA)
Koha item type
Existencias
Withdrawn status Lost status Damaged status Not for loan Home library Current library Shelving location Date acquired Total checkouts Full call number Barcode Date last seen Price effective from Koha item type
        Biblioteca Prof. Eusebio Cleto del Rey Biblioteca Prof. Eusebio Cleto del Rey   07/04/2026   330.34(7/8) I59 L23877 07/04/2026 07/04/2026 Libro